| 000 | 00508nam a2200193Ia 4500 | ||
|---|---|---|---|
| 008 | 151119s9999||||xx |||||||||||||| ||und|| | ||
| 082 | _a891.463 | ||
| 082 | _bGKKV7080 | ||
| 100 | _a"पाटील , देवदत्त" | ||
| 245 | _aव्याध | ||
| 260 | _a-- | ||
| 260 | _b-- | ||
| 260 | _c0 | ||
| 600 | _a"पाटील , देवदत्त" | ||
| 630 | _aव्याध | ||
| 700 | _a"पाटील , देवदत्त" | ||
| 730 | _aव्याध | ||
| 942 | _cBOOK | ||
| 999 |
_c1061816 _d1061813 |
||